000 00586nam a22002177a 4500
003 UA-OsUOA
001 73274
007 ta
008 20110221b un ||||| |||| 00| 0 ukr d
100 _aРайзер М.
090 _a330(477)
_bР18
942 _cSA
040 _aUA-OsUOA
_bukr
_cUA-OsUOA
_dUA-OsUOA
245 _aЧому Україні потрібно негайно реформувати пенсійну систему
300 _aС.9
955 _a0
041 _aukr
080 _a330(477)
773 0 _w73273
650 7 _a330 Економіка взагалі
_2UDC
999 _c359558
_d359558